ბათუმის შოთა რუსთაველის სახელმწიფო უნივერსიტეტის ბიბლიოთეკა

ღირსი ალექსი სენაკელი (შუშანია) : (ბიბ.ჩანაწერი № 61532)

000 -ლიდერი
ფიქსირებული სიგრძის საკონტროლო ველი 01656nam a22002537a 4500
003 - საკონტროლო ნომრის იდენტიფიკატორი
საკონტროლო ველი Ge_BSU
005 - ბოლო ოპერაციის თარიღი და დრო
საკონტროლო ველი 20240321172941.0
008 - ფიქსირებული სიგრძის მონაცემთა ელემენტები - ზოგადი ინფორმაცია
ფიქსირებული სიგრძის საკონტროლო ველი 240321s2023ge xxu||||| |||| 00| 0 geo d
020 ## - წიგნის საერთაშორისო სტანდარტული ნომერი
International Standard Book Number 9789941985133
041 ## - ენის კოდი
Language code of text/sound track or separate title geo
080 ## - უნივერსალური ათობითი კლასიფიკაციის ინდექსი
Universal Decimal Classification number 27-726.3(479.22) შ-67
100 ## - მთავარი ჩანაწერი - პიროვნების სახელი
Personal name შიო (მუჯირი), მიტროპოლიტი, ავტორი.
9 (RLIN) 21535
245 ## - ცნობა სათაურის შესახებ
Title ღირსი ალექსი სენაკელი (შუშანია) :
Remainder of title [მონოგრაფია] /
Statement of responsibility, etc მიტროპოლიტი შიო (მუჯირი) ; რედ. ზაზა აბაშიძე
264 ## - წარმოების, გამოცემის, დისტრიბუციის და სხვა ცნობები
გამოცემის, წარმოების, დისტრიბუციის... ადგილი თბილისი :
გამოცემის, წარმოების, დისტრიბუციის... სახელწოდება კორნელი კეკელიძის სახ. საქართველოს ხელნაწერთა ცენტრი,
გამოცემის, წარმოების, დისტრიბუციის... თარიღი 2023.
300 ## - ფიზიკური აღწერა
Extent 294 გვ. :
Other physical details სურ. ;
Dimensions 21 სმ.
504 ## - BIBLIOGRAPHY, ETC. NOTE
Bibliography, etc ბიბლიოგრაფია: გვ. 278-291
653 ## - INDEX TERM--UNCONTROLLED
Uncontrolled term ქართველი მღვდელ-მონაზვნები.
653 ## - INDEX TERM--UNCONTROLLED
Uncontrolled term ბერ-მონაზვნობა საქართველოში
653 ## - INDEX TERM--UNCONTROLLED
Uncontrolled term რელიგია
700 ## - ADDED ENTRY--PERSONAL NAME
Personal name აბაშიძე, ზაზა
Relator term რედაქტორი
9 (RLIN) 21536
710 ## - ADDED ENTRY--CORPORATE NAME
Corporate name or jurisdiction name as entry element კორნელი კეკელიძის სახელობის საქართველოს ხელნაწერთა ცენტრი, საქართველოს საპატრიარქოს ქართველოლოგიური კვლევის ცენტრი
9 (RLIN) 21537
773 ## - HOST ITEM ENTRY
Title ნაჩუქარი
942 ## - ADDED ENTRY ELEMENTS (KOHA)
Source of classification or shelving scheme
Koha item type წიგნი
ეგზემპლარები
ჩამოწერის სტატუსი დაკარგული ეგზემპლარის სტატუსი კლასიფიკაციის წყარო ან თაროზე გაწყობის სქემა დაზიანების სტატუსი არ გაიცემა მუდმივი მდებარეობა (დაცვის ადგილი) ამჟამინდელი ადგილსამყოფელი თაროზე განთავსების ადგილი შეძენის თარიღი ღირებულება, შესყიდვის ნორმალური ფასი სრული შენახვის შიფრი შტრიხკოდი ბოლო ოპერაციის თარიღი ეგზემპლარის მიმდევრობითი ნომერი (კეტერი?) ფასის ძალაში შესვლის თარიღი ეგზემპლარის სახეობა საჯარო შენიშვნა
          ბათუმის შოთა რუსთაველის სახელმწიფო უნივერსიტეტის მთავარი ბიბლიოთეკა ბათუმის შოთა რუსთაველის სახელმწიფო უნივერსიტეტის მთავარი ბიბლიოთეკა წიგნსაცავი 2024-03-21 12.00 27-726.3(479.22) შ-67 67701 2024-03-21 67701 2024-03-21 წიგნი 12.00